[Event "World Rapid Women 2025"]
[Site "Doha QAT"]
[Date "2025.12.27"]
[Round "7.55"]
[White "Dimitrijevic, Aleksandra"]
[Black "Druzhinina, Olga"]
[Result "1-0"]
[WhiteTitle "WGM"]
[BlackTitle "WFM"]
[WhiteElo "2063"]
[BlackElo "2175"]
[WhiteFideId "929239"]
[BlackFideId "4141911"]
[EventDate "2025.12.26"]

1. d4 Nf6 2. c4 g6 3. Nf3 Bg7 4. g3 O-O 5. Bg2 d5 6. cxd5 Nxd5 7. e4 Nb6 8. O-O
Nc6 9. d5 Na5 10. Nc3 c6 11. Bg5 h6 12. Be3 cxd5 13. Nxd5 Nxd5 14. exd5 Nc4 15.
Qb3 Nxe3 16. Qxe3 Qd6 17. Rad1 Bd7 18. Rfe1 Rfe8 19. Nd2 Bb5 20. Ne4 Qb6 21. Qf4
Bd7 22. b4 Bf5 23. d6 Bxe4 24. Rxe4 exd6 25. Rxd6 Rxe4 26. Bxe4 Qxb4 27. Rd7 Rf8
28. Rxb7 Qd4 29. Qf3 a5 30. Bd5 Bf6 31. Qb3 a4 32. Bxf7+ Kh8 33. Qf3 Qa1+ 34.
Kg2 Bd4 35. Qf4 g5 36. Qd6 Bg7 37. Rb8 1-0

[Event "World Rapid Women 2025"]
[Site "Doha QAT"]
[Date "2025.12.27"]
[Round "7.56"]
[White "Berikkyzy Alanna"]
[Black "Bulmaga, Irina"]
[Result "0-1"]
[WhiteTitle "WFM"]
[BlackTitle "IM"]
[WhiteElo "2241"]
[BlackElo "2389"]
[WhiteFideId "13780719"]
[BlackFideId "13903063"]
[EventDate "2025.12.26"]

1. e4 e5 2. Nc3 Nf6 3. Bc4 Nxe4 4. Qh5 Nd6 5. Qxe5+ Qe7 6. Qxe7+ Bxe7 7. Be2 c6
8. Nf3 Nf5 9. g4 Nh4 10. Nxh4 Bxh4 11. Ne4 Be7 12. d4 d5 13. Ng3 Bh4 14. Bf4 h6
15. O-O-O Bg5 16. Bxg5 hxg5 17. f4 gxf4 18. Nh5 g6 19. Nxf4 Nd7 20. g5 Rh4 21.
Ng2 Rh7 22. Rde1 Nf8 23. Nf4 Kd8 24. h4 Ne6 25. Nxe6+ Bxe6 26. Bd3 Kd7 27. h5
Rxh5 28. Rxh5 gxh5 29. Rh1 Rh8 30. Kd2 h4 31. Ke3 h3 32. Be2 Kd6 33. c3 Rh4 34.
Rh2 b6 35. b4 c5 36. bxc5+ bxc5 37. dxc5+ Kxc5 38. Bf1 Rg4 39. Rb2 Rxg5 40. Kf3
Rf5+ 41. Ke2 h2 42. Bg2 Rh5 43. Bh1 Bf5 44. a4 a6 45. Rb8 Be4 46. Rc8+ Kb6 47.
a5+ Kb7 0-1

[Event "World Rapid Women 2025"]
[Site "Doha QAT"]
[Date "2025.12.27"]
[Round "7.57"]
[White "Mikheeva, Galina"]
[Black "Zhurova, Anna"]
[Result "0-1"]
[WhiteTitle "FM"]
[BlackTitle "WFM"]
[WhiteElo "2122"]
[BlackElo "2299"]
[WhiteFideId "44108320"]
[BlackFideId "54113075"]
[EventDate "2025.12.26"]

1. e4 c5 2. Nc3 g6 3. f4 Bg7 4. Nf3 Nc6 5. d3 d6 6. g3 Rb8 7. Be3 Nf6 8. Bg2 b5
9. Qd2 O-O 10. h3 b4 11. Nd1 a5 12. O-O Ba6 13. g4 d5 14. g5 Nh5 15. exd5 Nd4
16. Ne5 Qd6 17. Bxd4 cxd4 18. Nc6 Rb5 19. a4 Rc5 20. Nf2 Qxf4 21. Qxf4 Nxf4 22.
Ne4 Ne2+ 23. Kh2 Rxc2 24. Nxe7+ Kh8 25. Nf6 Bxd3 26. b3 Nc3 27. Rf4 Bxf6 28.
gxf6 Be4 29. Rg4 d3 30. Rxe4 Nxe4 31. Rd1 Nf2 32. Rf1 d2 33. Bf3 d1=Q 34. Bxd1
Nxd1+ 35. Kg3 Ne3 36. Re1 Rc3 37. Kf4 Ng2+ 0-1

[Event "World Rapid Women 2025"]
[Site "Doha QAT"]
[Date "2025.12.27"]
[Round "7.58"]
[White "Parnali, S Dharia"]
[Black "Li, Xueyi"]
[Result "0-1"]
[WhiteTitle "WIM"]
[BlackTitle "WGM"]
[WhiteElo "2150"]
[BlackElo "2202"]
[WhiteFideId "5043131"]
[BlackFideId "8605912"]
[EventDate "2025.12.26"]

1. d4 d5 2. c4 c6 3. Nc3 Nf6 4. cxd5 cxd5 5. Bf4 Nc6 6. e3 a6 7. Rc1 g6 8. Nf3
Bg4 9. Be2 Bg7 10. Ne5 Bxe2 11. Qxe2 Nh5 12. Nd3 Nxf4 13. Nxf4 e6 14. h4 h5 15.
Qc2 O-O 16. Rd1 Qe7 17. Qe2 Rad8 18. g4 hxg4 19. Qxg4 e5 20. Nfxd5 Qd6 21. dxe5
Nxe5 22. Qf4 Qe6 23. Ke2 b5 24. h5 gxh5 25. Rdg1 Ng6 26. Qg5 Rfe8 27. Qxh5 b4
28. Qh7+ Kf8 29. Rxg6 fxg6 30. Rh3 bxc3 31. Rf3+ Qf7 32. Rxf7+ Kxf7 33. Nf4 Rd6
34. Qh1 cxb2 35. Qb7+ Kg8 36. Qb3+ Kh7 37. Nh3 Re5 38. f4 Rb5 39. Ng5+ Rxg5 40.
fxg5 Rc6 41. e4 Rc3 42. Qb7 Rc1 43. Qd7 Rh1 0-1

[Event "World Rapid Women 2025"]
[Site "Doha QAT"]
[Date "2025.12.27"]
[Round "7.59"]
[White "Tarasenka, Aliaksandra"]
[Black "Charvi A"]
[Result "1-0"]
[WhiteTitle "WIM"]
[BlackTitle "WFM"]
[WhiteElo "2266"]
[BlackElo "2270"]
[WhiteFideId "13514288"]
[BlackFideId "25165518"]
[EventDate "2025.12.26"]

1. e4 c5 2. Nc3 d6 3. Bb5+ Bd7 4. Bxd7+ Qxd7 5. d4 cxd4 6. Qxd4 Nc6 7. Qd3 h6 8.
Nf3 Nf6 9. O-O g6 10. Nd5 Bg7 11. c3 O-O 12. Nxf6+ exf6 13. Bf4 Ne5 14. Bxe5
fxe5 15. Rfd1 Rad8 16. Qe3 a6 17. Rd5 Qc6 18. Rad1 Rd7 19. Qd3 Rfd8 20. c4 b6
21. b3 a5 22. a4 Kh8 23. Nd2 Kg8 24. Nb1 Kh8 25. Nc3 Kg8 26. h3 Kh8 27. Nb5 Bf8
28. Qf3 Kg7 29. Nc3 Be7 30. Rb5 Rb7 31. Nd5 Rdd7 32. g3 Bd8 33. Kg2 Be7 34. h4
h5 35. Ne3 Qc8 36. Nd5 Qc6 37. Qe3 Bd8 38. Nc3 Be7 39. Rbd5 Qc8 40. Nb5 Qc6 41.
Qc3 Kg8 42. R1d3 Rb8 43. Qd2 Rbd8 44. Nc3 Kg7 45. Qe3 Rb7 46. Nb5 Rbd7 47. Kh3
Qc8 48. Kg2 Qc6 49. f4 exf4 50. Qxf4 Kg8 51. Rf3 Rf8 52. Nd4 Qc8 53. Qh6 Rc7 54.
Rxh5 gxh5 55. Nf5 Qxf5 56. Rxf5 Rc5 57. Rxh5 Rxh5 58. Qxh5 Re8 59. Qb5 Rb8 60.
Qd7 Bf8 61. Kf3 1-0

[Event "World Rapid Women 2025"]
[Site "Doha QAT"]
[Date "2025.12.27"]
[Round "7.60"]
[White "Ismayil, Malak"]
[Black "Rodriguez Redondo, Adhara"]
[Result "1-0"]
[WhiteTitle "WIM"]
[BlackTitle "WFM"]
[WhiteElo "2138"]
[BlackElo "2207"]
[WhiteFideId "13412604"]
[BlackFideId "32065698"]
[EventDate "2025.12.26"]

1. e4 e5 2. Nf3 Nc6 3. Bc4 Bc5 4. Nc3 Nf6 5. d3 h6 6. Be3 Bb6 7. Qd2 d6 8. h3
Be6 9. Bb3 Ba5 10. Ba4 a6 11. Bxc6+ bxc6 12. O-O O-O 13. Qc1 c5 14. Ne2 c4 15.
Ng3 Kh7 16. dxc4 Bxc4 17. Rd1 Nd7 18. b3 Be6 19. c4 Qf6 20. Nh2 Qg6 21. Qc2 f5
22. exf5 Bxf5 23. Nxf5 Qxf5 24. Qxf5+ Rxf5 25. a3 Bb6 26. Bxb6 Nxb6 27. Rac1 Nd7
28. Ng4 a5 29. Ne3 Rf7 30. Nd5 Nc5 31. b4 axb4 32. axb4 Nb3 33. Rb1 Nd4 34. Ra1
Raf8 35. f3 c6 36. Nc3 Rf4 37. Ra4 Rb8 38. Ne4 d5 39. cxd5 cxd5 40. Nc3 Rd8 41.
Ra5 Rf6 42. Rb1 Rfd6 43. Rc5 Ne6 44. Ra5 Nf4 45. b5 d4 46. Ne4 Rb6 47. Ra6 Rdb8
48. Rxb6 Rxb6 49. Nc5 Ne2+ 50. Kf2 Nc3 51. Re1 Rxb5 52. Nd3 e4 53. fxe4 Kg6 54.
e5 Kf7 55. Ra1 Rb7 56. Ra6 Ke7 57. Kf3 Rd7 58. Rg6 Kf8 59. Ra6 Rf7+ 60. Kg4 Rf1
61. Nf4 g5 62. Ng6+ Kf7 63. Rd6 Nb5 64. Rd5 Nc3 65. Rd6 Nb5 66. Rd5 Na3 67. Rd6
Nc2 68. Kh5 Re1 69. Kxh6 Re3 70. g4 d3 71. Kxg5 Ne1 72. Kf5 Rf3+ 73. Ke4 Rxh3
74. Nf4 Rg3 75. e6+ Ke8 76. Kf5 Rf3 77. Ke5 Re3+ 78. Kf6 Rf3 79. Kg5 Rf2 80. Nd5
d2 81. Nc7+ Ke7 82. Rd7+ Kf8 83. e7+ 1-0

[Event "World Rapid Women 2025"]
[Site "Doha QAT"]
[Date "2025.12.27"]
[Round "7.61"]
[White "Sawan, Eman"]
[Black "Jarocka, Liwia"]
[Result "1-0"]
[WhiteTitle "WFM"]
[BlackTitle "FM"]
[WhiteElo "1960"]
[BlackElo "2258"]
[WhiteFideId "11511729"]
[BlackFideId "21807558"]
[EventDate "2025.12.26"]

1. e4 d6 2. d4 Nf6 3. Nc3 e5 4. Nge2 Be7 5. g3 c6 6. Bg2 h5 7. h3 b5 8. a3 Bb7
9. Be3 Nbd7 10. Qd2 Nb6 11. b3 a5 12. dxe5 dxe5 13. Qxd8+ Bxd8 14. Rd1 Nbd7 15.
f4 Be7 16. a4 b4 17. Nb1 O-O 18. Nd2 Ba6 19. Kf2 Rfe8 20. Bf3 Bc5 21. f5 Red8
22. g4 hxg4 23. hxg4 Nh7 24. Rh2 Ng5 25. Rdh1 f6 26. Nc1 Kf7 27. Be2 Bxe2 28.
Kxe2 Bd4 29. Bxg5 fxg5 30. Nf3 Nc5 31. Nxg5+ Kf6 32. Nh7+ Ke7 33. Kf3 Bb2 34.
Ne2 Rd2 35. Ng3 Rxh2 36. Rxh2 Rh8 37. g5 Bc1 38. f6+ Kf7 39. fxg7 Kxg7 40. Nf5+
Kf7 41. Rh6 Rg8 42. Rf6+ Ke8 43. Rxc6 Nb7 44. Nf6+ Kf7 45. Nxg8 1-0

[Event "World Rapid Women 2025"]
[Site "Doha QAT"]
[Date "2025.12.27"]
[Round "7.62"]
[White "Lau, Chloe Hailey"]
[Black "Liu, Shilan"]
[Result "1/2-1/2"]
[BlackTitle "WGM"]
[WhiteElo "1562"]
[BlackElo "2109"]
[WhiteFideId "6012469"]
[BlackFideId "8600279"]
[EventDate "2025.12.26"]

1. e4 c5 2. Nf3 e6 3. c3 d5 4. exd5 Qxd5 5. d4 Nf6 6. Na3 Be7 7. Bc4 Qd8 8. Bf4
a6 9. dxc5 Qxd1+ 10. Rxd1 Bxc5 11. Nc2 Nc6 12. O-O b5 13. Be2 Bb7 14. Nfd4 Nxd4
15. Nxd4 Ke7 16. Bf3 Bxf3 17. Nxf3 Rhd8 18. Ne5 Rxd1 19. Rxd1 Nd5 20. Bg3 f6 21.
Nd3 Bb6 22. Nf4 Rd8 23. Nxd5+ Rxd5 24. Rxd5 exd5 25. Kf1 Ke6 26. Ke2 d4 27. cxd4
Bxd4 28. b3 Kd5 29. Bf4 f5 30. f3 g6 31. Kd3 Be5 32. Bxe5 Kxe5 33. g3 f4 34. g4
a5 35. a3 g5 36. Kc3 Kd5 37. Kd3 Ke5 38. Kc3 Kd5 39. Kd3 Ke5 40. Kc3 1/2-1/2

[Event "World Rapid Women 2025"]
[Site "Doha QAT"]
[Date "2025.12.27"]
[Round "7.63"]
[White "Nguyen Hong Anh"]
[Black "Lesbekova, Assel"]
[Result "1-0"]
[WhiteTitle "WIM"]
[BlackTitle "WCM"]
[WhiteElo "2010"]
[BlackElo "1948"]
[WhiteFideId "12406732"]
[BlackFideId "13713248"]
[EventDate "2025.12.26"]

1. d4 d5 2. c4 e6 3. Nc3 a6 4. cxd5 exd5 5. Nf3 c6 6. Bf4 Nf6 7. e3 Bd6 8. Ne5
Qc7 9. Rc1 Nbd7 10. Nd3 Bxf4 11. Nxf4 Qd6 12. Bd3 b5 13. O-O O-O 14. Qc2 Bb7 15.
Bf5 g6 16. Bxd7 Nxd7 17. Nce2 Rac8 18. Nd3 Rc7 19. Nef4 Bc8 20. Nc5 Nf6 21. Qd2
g5 22. Nfd3 Ng4 23. f4 Re7 24. Ne5 Qh6 25. h3 Nf6 26. Nxc6 Rc7 27. fxg5 Qxg5 28.
Ne5 Bxh3 29. Rxf6 Qxf6 30. gxh3 Kh8 31. Qf2 Qg7+ 32. Kf1 f6 33. Ned3 Re8 34. Nf4
Qh6 35. b4 Rce7 36. Rc3 Qg5 37. Nxa6 Qf5 38. Rd3 Re4 39. Nc5 R4e7 40. a3 Ra7 41.
Qf3 Rd8 42. Qh5 Qxh5 43. Nxh5 Rda8 44. Ke2 f5 45. Nf4 Rd8 46. Kf3 Kg8 47. a4
bxa4 48. Ra3 Kf7 49. Rxa4 Re7 50. Ra3 Kf6 51. b5 Rd6 52. b6 Kf7 53. b7 Rd8 54.
Nxd5 Ra8 1-0

[Event "World Rapid Women 2025"]
[Site "Doha QAT"]
[Date "2025.12.27"]
[Round "7.64"]
[White "Machlik, Monika"]
[Black "Rouda Essa, Alserkal"]
[Result "1/2-1/2"]
[BlackTitle "WGM"]
[WhiteElo "2084"]
[BlackElo "2052"]
[WhiteFideId "1513621"]
[BlackFideId "9314318"]
[EventDate "2025.12.26"]

1. d4 Nf6 2. c4 e6 3. Nc3 Bb4 4. Qc2 O-O 5. a3 Bxc3+ 6. Qxc3 d5 7. Bg5 h6 8.
Bxf6 Qxf6 9. Nf3 c6 10. e3 Nd7 11. Rc1 Qg6 12. Qc2 Qxc2 13. Rxc2 Re8 14. Be2
dxc4 15. Bxc4 e5 16. O-O exd4 17. Nxd4 Nb6 18. Be2 Be6 19. Nxe6 Rxe6 20. Rd1 Kf8
21. Rcd2 Ree8 22. Rd4 Ke7 23. Re4+ Kf8 24. Red4 Ke7 25. Re4+ Kf8 26. Red4 Ke7
27. Rb4 Red8 28. Rxd8 Rxd8 29. Kf1 Rd7 30. Bg4 Rd5 31. Bf3 Rd7 32. Ke2 Nd5 33.
Bxd5 cxd5 34. Kd2 Ke6 35. Rd4 Rc7 36. Rb4 Rd7 37. Ra4 b6 38. Rb4 Rc7 39. Rb3 Rc4
40. Rd3 Ke5 41. b3 Rc5 42. Rd4 Ra5 43. a4 Rc5 44. Rb4 Kd6 45. Rf4 Ke6 46. Rb4
Ra5 47. Kd3 Rc5 48. Kd2 Ra5 49. Kd3 Rc5 50. Kd2 Ra5 51. Kd3 Rc5 52. Kd2 Ra5 1/2-1/2

[Event "World Rapid Women 2025"]
[Site "Doha QAT"]
[Date "2025.12.27"]
[Round "7.65"]
[White "Yakubbaeva, Nilufar"]
[Black "Khalil, Manar"]
[Result "1-0"]
[WhiteTitle "WGM"]
[BlackTitle "WFM"]
[WhiteElo "2229"]
[BlackElo "1925"]
[WhiteFideId "14204487"]
[BlackFideId "7604661"]
[EventDate "2025.12.26"]

1. Nf3 Nf6 2. e3 d5 3. c4 e6 4. b3 Be7 5. Bb2 c5 6. cxd5 exd5 7. d4 Nc6 8. Nc3
O-O 9. Be2 b6 10. O-O Bb7 11. Rc1 Rc8 12. dxc5 bxc5 13. Na4 Ne4 14. Nd2 Qa5 15.
Nxe4 dxe4 16. Bc4 Qc7 17. Qh5 g6 18. Qh6 Ne5 19. Rfd1 Bf6 20. Qf4 Qe7 21. Bd5
Bxd5 22. Rxd5 Nd3 23. Bxf6 Qe6 24. Rxd3 exd3 25. Rd1 c4 26. Bb2 f6 27. b4 Kg7
28. Nc5 Qd5 29. Qd4 Qf7 30. Bc3 Rfd8 31. Qe4 Re8 32. Qf4 a5 33. a3 axb4 34. axb4
Rcd8 35. Ne4 Rxe4 36. Qxe4 Rd7 37. b5 Rb7 38. Qc6 Rb8 39. b6 Qe7 40. Qxc4 Rxb6
41. Qxd3 1-0

[Event "World Rapid Women 2025"]
[Site "Doha QAT"]
[Date "2025.12.27"]
[Round "7.66"]
[White "Jimenez Fernandez, Rebeca"]
[Black "Miranda Rodriguez, Tania"]
[Result "1/2-1/2"]
[WhiteTitle "WFM"]
[BlackTitle "WIM"]
[WhiteElo "2137"]
[BlackElo "2051"]
[WhiteFideId "32070934"]
[BlackFideId "3510417"]
[EventDate "2025.12.26"]

1. e4 e5 2. Nf3 Nc6 3. Bb5 a6 4. Ba4 Nf6 5. O-O Be7 6. Re1 b5 7. Bb3 O-O 8. a4
Rb8 9. axb5 axb5 10. d3 d6 11. h3 Bd7 12. Nc3 h6 13. Be3 Re8 14. Ne2 Bf8 15. g4
Be6 16. Bxe6 Rxe6 17. Ng3 g6 18. Qd2 Kh7 19. g5 Ng8 20. gxh6 f6 21. h4 Nxh6 22.
h5 gxh5 23. Kg2 Ng4 24. Rh1 Nxe3+ 25. Qxe3 Ne7 26. Rxh5+ Kg8 27. Nh4 Qe8 28. Qf3
Bg7 29. Qg4 Kf7 30. Rh7 Qg8 31. Qh5+ Kf8 32. Rg1 f5 33. exf5 Rf6 34. Kh2 Qxh7
35. Qxh7 Rh6 36. Qxh6 Bxh6 37. Nh5 Kf7 38. f6 Nd5 39. Rg6 Rh8 40. Kh3 Nf4+ 41.
Nxf4 Bxf4 42. Rg4 Kxf6 43. Kg2 Ra8 44. Kf3 Ra2 45. Ng2 Bg5 46. Rb4 c6 47. Ne3
Bxe3 48. fxe3 d5 49. Ke2 Ke6 50. Kd2 Kd6 51. Kc3 Kc5 52. Rh4 Ra8 53. d4+ exd4+
54. exd4+ Kb6 55. Kb3 Rg8 56. c3 Rg2 57. Rh8 Rf2 58. Rg8 Rh2 59. Ka3 Rc2 60. Rg3
b4+ 61. Kb3 Rd2 62. Rg8 bxc3 63. bxc3 Rd1 64. Rh8 Rb1+ 65. Kc2 Rg1 66. Kb3 Rb1+ 1/2-1/2

[Event "World Rapid Women 2025"]
[Site "Doha QAT"]
[Date "2025.12.27"]
[Round "7.67"]
[White "Alotaibi, Maitha Abdulrahman A"]
[Black "Zvereva, Marija"]
[Result "0-1"]
[BlackTitle "WIM"]
[WhiteElo "1600"]
[BlackElo "2007"]
[WhiteFideId "21524009"]
[BlackFideId "4121082"]
[EventDate "2025.12.26"]

1. d4 Nf6 2. c4 d6 3. Nc3 Nbd7 4. Nf3 e5 5. d5 g6 6. Nd2 Bg7 7. e4 a5 8. a3 Nc5
9. Be2 h5 10. f3 h4 11. Nb3 Nfd7 12. Be3 Bh6 13. Bxh6 Rxh6 14. Qc2 Nxb3 15. Qxb3
Nc5 16. Qc2 Qg5 17. Kf2 a4 18. Nb5 Qe7 19. Qd2 Rh8 20. Qc2 c6 21. Nc3 Kf8 22.
Rad1 Kg7 23. Rdg1 Bd7 24. Bd1 Qg5 25. Qe2 Ra6 26. Na2 cxd5 27. cxd5 Rb6 28. Nb4
Bb5 29. Qe3 Qf6 30. Bc2 g5 31. g4 Qd8 32. h3 Na6 33. Rc1 Kg6 34. Nxa6 Bxa6 35.
Qc3 Qd7 36. Rb1 Rc8 37. Qd2 Qb5 38. Bd1 Qc5+ 39. Qe3 Bd3 40. Qxc5 Rxc5 41. Bxa4
Bxb1 42. Rxb1 Ra5 43. Bd7 Rxa3 44. b4 Ra2+ 45. Kg1 Rba6 46. Bf5+ Kf6 47. Bd7
R6a3 48. Rf1 Ra1 49. Rxa1 Rxa1+ 0-1

[Event "World Rapid Women 2025"]
[Site "Doha QAT"]
[Date "2025.12.27"]
[Round "7.68"]
[White "Al-Khulaifi, Ghada"]
[Black "Fawaz, Nadia"]
[Result "0-1"]
[WhiteTitle "WCM"]
[BlackTitle "WFM"]
[WhiteElo "1630"]
[BlackElo "1957"]
[WhiteFideId "12100633"]
[BlackFideId "5309743"]
[EventDate "2025.12.26"]

1. d4 d5 2. c4 e6 3. cxd5 exd5 4. Nc3 Nf6 5. Qc2 Nc6 6. Nf3 Bg4 7. Ne5 Bb4 8.
Nxc6 bxc6 9. a3 Bd6 10. Bg5 h6 11. Bh4 O-O 12. f3 Bh5 13. e4 dxe4 14. fxe4 Be7
15. e5 Qxd4 16. Bxf6 gxf6 17. Qf5 Bg6 18. Qh3 Bc5 19. Qf3 Rfe8 20. Rd1 Qxe5+ 21.
Be2 Rad8 22. Rxd8 Rxd8 23. Qxc6 Qe3 24. Qf3 Qd2+ 25. Kf1 Qxb2 26. g3 Bd4 27. Nd1
Qb1 28. Qg4 h5 29. Qh4 Bb6 30. g4 Rxd1+ 31. Bxd1 Qxd1+ 32. Qe1 Qf3+ 0-1

[Event "World Rapid Women 2025"]
[Site "Doha QAT"]
[Date "2025.12.27"]
[Round "7.69"]
[White "Echcharbiny, Wissal"]
[Black "Alsemairi, Dalia"]
[Result "1-0"]
[BlackTitle "WCM"]
[WhiteElo "1726"]
[BlackElo "1802"]
[WhiteFideId "9014853"]
[BlackFideId "21511217"]
[EventDate "2025.12.26"]

1. d4 d5 2. e3 Nf6 3. Bd3 Bg4 4. f3 Bh5 5. Nd2 e6 6. c3 Be7 7. Qb3 Qc8 8. f4
Nbd7 9. Ngf3 c5 10. Qd1 O-O 11. O-O cxd4 12. exd4 Bd6 13. Nb3 Qc7 14. Qd2 Ne4
15. Bxe4 dxe4 16. Ne5 Nxe5 17. fxe5 Be7 18. Qe1 Bg6 19. Nd2 Qc6 20. Qe3 h6 21.
Qe2 Bg5 22. Nc4 Bxc1 23. Rfxc1 Bh5 24. Qxh5 Qxc4 25. Qg4 Qd3 26. Re1 Qc2 27. Re2
Qd3 28. Qxe4 Qb5 29. Rf2 Rac8 30. Qe3 a6 31. Qd2 Rcd8 32. Raf1 Qa5 33. a3 Qb5
34. Qc1 Rc8 35. Rf3 Qb6 36. Rg3 Kh8 37. Rh3 Rc7 38. Rxh6+ gxh6 39. Qxh6+ Kg8 40.
Qg5+ Kh8 41. Rf6 1-0

[Event "World Rapid Women 2025"]
[Site "Doha QAT"]
[Date "2025.12.27"]
[Round "7.70"]
[White "Abrar Mohammed Ahmad Almalki"]
[Black "Nordahl, Christine"]
[Result "0-1"]
[WhiteElo "1826"]
[BlackElo "1835"]
[WhiteFideId "21543143"]
[BlackFideId "1557939"]
[EventDate "2025.12.26"]

1. e4 c5 2. Nf3 Nc6 3. d4 cxd4 4. Nxd4 g6 5. Nc3 Bg7 6. Nxc6 bxc6 7. Bc4 e6 8.
O-O Ne7 9. Qd6 O-O 10. Bg5 Re8 11. Rad1 h6 12. Bh4 g5 13. Bg3 Ng6 14. f4 gxf4
15. Bxf4 Nxf4 16. Rxf4 Qb6+ 17. Kh1 Qxb2 18. Na4 Qe5 19. Qd2 d5 20. Bd3 Qh5 21.
g3 Be5 22. Rh4 Qf3+ 23. Kg1 Bd4+ 24. Qf2 Bxf2+ 0-1

[Event "World Rapid Women 2025"]
[Site "Doha QAT"]
[Date "2025.12.27"]
[Round "8.1"]
[White "Goryachkina, Aleksandra"]
[Black "Koneru, Humpy"]
[Result "1/2-1/2"]
[WhiteTitle "GM"]
[BlackTitle "GM"]
[WhiteElo "2534"]
[BlackElo "2535"]
[WhiteFideId "4147103"]
[BlackFideId "5008123"]
[EventDate "2025.12.26"]

1. e4 e5 2. Nf3 Nf6 3. Nxe5 Nxe4 4. Qe2 Qe7 5. Qxe4 d6 6. d4 dxe5 7. dxe5 Nc6 8.
Nc3 Qxe5 9. Qxe5+ Nxe5 10. Nb5 Bb4+ 11. Bd2 Bxd2+ 12. Kxd2 Kd8 13. Re1 Nd7 14.
h4 Nc5 15. Re5 Nd7 16. Rg5 g6 17. Bc4 f6 18. Rg3 Ne5 19. Bb3 Bd7 20. Nc3 c6 21.
Ne4 Rf8 22. f4 Ng4 23. Nc5 Bf5 24. Nxb7+ Kc7 25. Nc5 Rad8+ 26. Kc1 Rfe8 27. Rf1
Re2 28. Rc3 Ne3 29. Rh1 Nxg2 30. Na6+ Kb6 31. Nb4 Be4 32. Bc4 Rf2 33. Rb3 Kc5
34. Bd3 Bf3 35. f5 Nf4 36. Re1 a5 37. Na6+ Kd6 38. fxg6 hxg6 39. Bc4 g5 40. hxg5
fxg5 41. Rbe3 g4 42. a3 Bd5 43. Bxd5 cxd5 44. b4 axb4 45. axb4 Ra8 46. Rh1 Nh3
47. b5 Rc8 48. c3 d4 49. Rd1 Rf1 50. Rd3 Rxc3+ 51. Rxc3 Rxd1+ 52. Kxd1 dxc3 53.
b6 Kc6 54. Nb4+ Kxb6 55. Nd5+ Kc5 56. Nxc3 Kd4 57. Kd2 Nf4 58. Ne2+ Ke4 59. Ng3+
Kf3 60. Nf5 Nh3 61. Nh6 g3 62. Nf5 g2 63. Nh4+ Kf2 64. Nxg2 Kxg2 1/2-1/2

[Event "World Rapid Women 2025"]
[Site "Doha QAT"]
[Date "2025.12.27"]
[Round "8.2"]
[White "Muzychuk, Mariya"]
[Black "Lei, Tingjie"]
[Result "1/2-1/2"]
[WhiteTitle "GM"]
[BlackTitle "GM"]
[WhiteElo "2475"]
[BlackElo "2569"]
[WhiteFideId "14114550"]
[BlackFideId "8605114"]
[EventDate "2025.12.26"]

1. e4 e6 2. d4 d5 3. Nc3 Nf6 4. Bg5 dxe4 5. Nxe4 Be7 6. Bxf6 gxf6 7. Qd2 b6 8.
O-O-O Bb7 9. Qe3 Nd7 10. f4 f5 11. Nc3 Nf6 12. Nf3 a6 13. Bc4 b5 14. Bb3 b4 15.
d5 exd5 16. Nxd5 Nxd5 17. Bxd5 Bxd5 18. Qe5 O-O 19. Rxd5 Bd6 20. Qxf5 f6 21. Rd3
Qe7 22. Re1 Qf7 23. Kb1 Rfe8 24. Rde3 Rxe3 25. Rxe3 a5 26. Nd4 Re8 27. Ne6 Bf8
28. b3 c5 29. Rg3+ Kh8 30. Nxf8 Qxf8 31. Rd3 c4 32. bxc4 a4 33. Rd7 Re7 34. Rxe7
Qxe7 35. Kb2 Qd6 36. Qe4 Qd2 37. Qe8+ Kg7 38. Qe7+ Kg6 39. f5+ Kxf5 40. Qxh7+
Ke5 41. Qd3 Qxg2 42. h4 f5 43. h5 Qg7 44. Qe3+ Kd6+ 45. Kb1 a3 46. Qd2+ Kc7 47.
c3 bxc3 48. Qf4+ Kc6 49. Qxf5 Qg1+ 50. Kc2 Qg2+ 51. Kb3 Qb2+ 52. Ka4 c2 53. Qe6+
Kb7 54. Qf7+ Ka6 55. Qg6+ Ka7 56. Qf7+ Kb8 57. Qe8+ Kb7 58. Qe7+ Ka6 59. Qd6+
Qb6 60. Qd2 Qb2 61. Qd6+ Ka7 62. Qd7+ Kb8 63. Qd8+ Kb7 64. Qd7+ Ka6 65. Qd6+ 1/2-1/2

[Event "World Rapid Women 2025"]
[Site "Doha QAT"]
[Date "2025.12.27"]
[Round "8.3"]
[White "Dronavalli, Harika"]
[Black "Chen, Yining"]
[Result "1/2-1/2"]
[WhiteTitle "GM"]
[BlackTitle "FM"]
[WhiteElo "2466"]
[BlackElo "2278"]
[WhiteFideId "5015197"]
[BlackFideId "8620946"]
[EventDate "2025.12.26"]

1. Nf3 d5 2. g3 c6 3. Bg2 Bg4 4. h3 Bxf3 5. Bxf3 Nd7 6. d3 Ngf6 7. O-O e5 8. e4
dxe4 9. dxe4 Nc5 10. Qe2 Be7 11. Nd2 Qc7 12. Nc4 O-O 13. a4 a5 14. Bg2 b5 15.
axb5 cxb5 16. Ne3 b4 17. Nd5 Nxd5 18. exd5 Bd6 19. Bd2 Rfc8 20. Qb5 Rcb8 21. Qc4
Ne6 22. Qxc7 Nxc7 23. Ra4 Nb5 24. Rfa1 Nd4 25. Rxa5 Rxa5 26. Rxa5 Nxc2 27. Ra6
Rd8 28. Rb6 h6 29. g4 Nd4 30. Bxb4 Bxb4 31. Rxb4 Ne2+ 32. Kh2 Nf4 33. Rc4 Nxg2
34. Kxg2 Rxd5 35. b4 Rd3 36. h4 g6 37. Re4 Rb3 38. f4 exf4 39. Rxf4 g5 40. hxg5
hxg5 41. Rc4 Kg7 42. Kf2 f5 43. gxf5 1/2-1/2

[Event "World Rapid Women 2025"]
[Site "Doha QAT"]
[Date "2025.12.27"]
[Round "8.4"]
[White "Divya, Deshmukh"]
[Black "Zhu, Jiner"]
[Result "0-1"]
[WhiteTitle "GM"]
[BlackTitle "GM"]
[WhiteElo "2497"]
[BlackElo "2579"]
[WhiteFideId "35006916"]
[BlackFideId "8608059"]
[EventDate "2025.12.26"]

1. d4 Nf6 2. g3 d5 3. Bg2 e6 4. Nf3 Be7 5. O-O O-O 6. b3 c5 7. dxc5 Bxc5 8. c4
Nc6 9. Bb2 dxc4 10. Qc1 Qe7 11. Qxc4 e5 12. Nbd2 Bf5 13. Qh4 e4 14. Ng5 e3 15.
fxe3 h6 16. Nge4 Nxe4 17. Nxe4 Bxe3+ 18. Kh1 Qxh4 19. gxh4 Bg6 20. Nd6 Rab8 21.
h5 Bc2 22. Rf3 Bd4 23. Bxd4 Nxd4 24. Rc3 Rfd8 25. Nxb7 Rdc8 26. Rxc8+ Rxc8 27.
e3 Nf5 28. Re1 Bd3 29. Bd5 Rc2 30. e4 Nd4 31. e5 Be2 32. Kg1 Bf3 33. e6 Bxd5 34.
e7 Nf3+ 35. Kf1 Nxh2+ 36. Kg1 Rg2+ 0-1

[Event "World Rapid Women 2025"]
[Site "Doha QAT"]
[Date "2025.12.27"]
[Round "8.5"]
[White "Tan, Zhongyi"]
[Black "Batsiashvili, Nino"]
[Result "1/2-1/2"]
[WhiteTitle "GM"]
[BlackTitle "GM"]
[WhiteElo "2524"]
[BlackElo "2462"]
[WhiteFideId "8603642"]
[BlackFideId "13602993"]
[EventDate "2025.12.26"]

1. e4 e5 2. Nf3 Nc6 3. Bb5 a6 4. Ba4 Nf6 5. O-O b5 6. Bb3 Be7 7. d4 d6 8. c3 O-O
9. h3 h6 10. Re1 Re8 11. Nbd2 Bf8 12. Bc2 exd4 13. cxd4 Nb4 14. Bb1 c5 15. d5 a5
16. Nf1 Nd7 17. a3 Na6 18. b3 Qf6 19. Ra2 Ne5 20. Nxe5 dxe5 21. Ne3 Bd6 22. Bd3
Bd7 23. Bd2 Nc7 24. a4 c4 25. bxc4 bxa4 26. Bc2 a3 27. Bc1 Na6 28. Bxa3 Nb4 29.
Ra1 Bc5 30. Re2 Rac8 31. Ba4 Red8 32. Bxd7 Rxd7 33. Qa4 Ra7 34. Rd1 Kh7 35. Bb2
h5 36. Bc3 Ra6 37. Qd7 Rd8 38. Qb5 Rc8 39. Nf5 g6 40. Bxb4 Bxb4 41. d6 Rca8 42.
d7 gxf5 43. c5 Rd8 44. exf5 Rc6 45. Rd5 Bc3 46. g4 hxg4 47. hxg4 Kg7 48. Kg2 Rc7
49. Re3 Bd4 50. Ra3 Qc6 51. Qxc6 Rxc6 52. Rxa5 Rc7 53. f4 Rcxd7 54. Rxd7 Rxd7
55. c6 Rc7 56. fxe5 Rxc6 57. Rd5 Bb2 58. Kf3 Rc3+ 59. Ke4 Rc4+ 60. Kf3 Rc3+ 61.
Ke4 Rc4+ 62. Kf3 Rc3+ 1/2-1/2